000 02224nam0a22003131 4500
001 rc\1103544
005 20260408074233.0
035 _a(NLR Aleph) 008771154
090 _a7924887
_c7924887
100 _a20041126d1982 |||y0rusy50 ca
101 0 _arus
102 _aRU
105 _aa z||||||||
200 1 _aАвтоматизированная информационно-измерительная система учета и контроля электроэнергии ИИСЭ1-48
_eтехническое описание АСУ3.031.000 ТО
_fМ-во энергетики и электрификации СССР и др.
210 _aВильнюс
_cЭкспериментальное художественно-конструкторское бюро
_d1982
215 _a71 с.
_cил.
_d20
300 _aВ надзаг. также: Главниипроект, М-во приборостроения, средств автоматизации и систем упр. СССР, Белорус. фил. Всесоюз. н.-и. энерг. ин-та им. Г.М. Кржижановского, Вильнюс. з-д электроизмер. техники
606 1 _aЭлектрическая энергия
_xИзмерение
_91984687
_3RU\NLR\AUTH\661196496
606 1 _aЭлектроизмерительные приборы автоматические
_92152355
_3RU\NLR\AUTH\661296059
686 0 _aЗ280.7-5-082.01я82
_2rubbk
711 0 2 _aВильнюсский завод электроизмерительной техники
_3RU\NLR\AUTH\8810125153
_9747770
712 0 1 _4570
_aСССР
_bМинистерство энергетики и электрификации
_bГлавное управление научно-исследовательских и проектных организаций
_3RU\NLR\AUTH\8810145742
_9785803
712 0 1 _4570
_aСССР
_bМинистерство приборостроения, средств автоматизации и систем управления
_3RU\NLR\AUTH\8810065595
_9632788
801 0 _aRU
_bNLR
_gpsbo
801 1 _aRU
_bELAR
_2rusmarc
801 2 _aRU
_bNLR
_c20111212
_2rusmarc
852 _aNLR
_j83-4/13949
942 _cBOOK
980 _aNB